000 00679nam a2200205Ia 4500
003 SISC
005 20170125105044.0
008 140321s9999 xx 000 0 und d
020 _a9780415822657
050 _aHD 58.7
_b.L44 2013 vol.18
100 _aLee, Robert.
245 _aOrganizational behaviour :
_bpolitics at work /
_cRobert Lee and Peter Lawrence.
260 _aLondon :
_bHutchinson Education,
_c1985.
300 _a192 pages :
_billustrations ;
_c24 cm.
440 _a(Hutchinson management studies books).
_vvol 18.
500 _aIncludes bibliographical references and index.
650 _aOrganizational behaviour.
942 _kFOR
_cBK
_2lcc
999 _c48700
_d48700